000 00312nam a2200133Ia 4500
100 _aSrivastava G.P. eD
650 _aElectrical Engineering
942 _cRB
654 _amicrowavesa
245 _aRecent Advances in Microwaves
260 _bNarosa book
_aNew Delhi
_c1993
546 _aENGLISH
999 _c32137
_d32137